书目信息 |
| 题名: |
交际汉语
|
|
| 作者: | ;中国中央电视台英语频道 编 | |
| 分册: | 2 | |
| 出版信息: | 北京 科学普及出版社 2004 |
|
| 页数: | 241页 | |
| 开本: | 21cm | |
| 丛书名: | ||
| 单 册: | ||
| 中图分类: | H195.4 | |
| 科图分类: | ||
| 主题词: | 汉语--口语--对外汉语教学--教材 , 汉语 , 口语 | |
| 电子资源: | ||
| ISBN: | 7-110-05628-7 | |
| 000 | 00957nam0 2200265 450 | |
| 001 | 070025936980 | |
| 005 | 20051213150212.48 | |
| 010 | @a7-110-05628-7@dCNY36.00 | |
| 092 | @aCN | |
| 100 | @a20040825d2004 ekmy0chiy0120 ea | |
| 101 | 0 | @achi@aeng |
| 102 | @aCN@b110000 | |
| 105 | @aa z 000yy | |
| 200 | 1 | @a交际汉语@9jiao ji han yu@h2@e中英对照@f中国中央电视台英语频道编@Fzhong guo zhong yang dian shi tai ying yu pin dao bian |
| 210 | @a北京@c科学普及出版社@d2004 | |
| 215 | @a241页@c图@d21cm | |
| 330 | @a该册教材共10课。每课内容主要以口语为主,每课学习一个话题,并针对该话题设有情景对话、生词、常用语句、文化背景知识、语言点等。 | |
| 517 | 1 | @a中英对照@Azhong ying dui zhao |
| 606 | 0 | @a汉语@x口语@x对外汉语教学@j教材 |
| 606 | 0 | @a汉语 |
| 606 | 0 | @a口语 |
| 690 | @aH195.4@v4 | |
| 711 | 0 | @a中国中央电视台英语频道@Azhong guo zhong yang dian shi tai ying yu pin dao@4编 |
| 801 | 0 | @aCN@bCXYBOOK@c20051213 |
| 905 | @a10447@dH195.4@e171:2 | |
| 交际汉语.2:中英对照/中国中央电视台英语频道编.-北京:科学普及出版社,2004 |
| 241页:图;21cm |
| ISBN 7-110-05628-7:CNY36.00 |
| 该册教材共10课。每课内容主要以口语为主,每课学习一个话题,并针对该话题设有情景对话、生词、常用语句、文化背景知识、语言点等。 |
| ● |
| 相关链接 |
|
|
|
|
正题名:交际汉语
索取号:H195.4/171:2
 
预约/预借
| 序号 | 登录号 | 条形码 | 馆藏地/架位号 | 状态 | 备注 |
| 1 | 0371314 | 203713142 | 第二样本阅览室/ [索取号:H195.4/171:2] | 在馆 | |
| 2 | 0371315 | 203713151 | 第四借阅区/ [索取号:H195.4/171:2] | 在馆 | |
| 3 | 0371316 | 203713160 | 第四借阅区/ [索取号:H195.4/171:2] | 在馆 |